Statistics for Books written by dictators

Click here to take the quiz!

General Stats

  • This quiz has been taken 34 times
  • The average score is 3 of 10

Answer Stats

HintAnswer% Correct
This book of quotations by Mao Zedong rivals the Bible and Quran in terms of the number of copies soldThe Little {Red} Book
93%
Hitler's autobiographical manifesto describing how he formed his political viewsMein Kampf
90%
Colonel Gaddaffi's wrote his own version, a different colour to Mao'sThe {Green} Book
80%
Julius Caesar wrote this book about his conflict with Celtic and Germanic peoples to win favour with the plebiansCommentaries on the {Gallic} War
33%
After nearly being toppled by pro Chinese and Soviet factions in his government, Kim Il-Sung writes this book emphasising North Korea's need for total self-relianceThe {Juche} Doctrine
13%
The only novel published by MussoliniThe Cardinal's {Mistress}
10%
In this book Francisco Franco wrote primarily of his concerns about freemasonryMasoneria
7%
The Turkmen dictator Niyazov made it a legal requirement to read this book before getting a driving licenseThe {Rukhnama}
7%
The name of the doctoral dissertation of the barely literate Elenea CeausescuThe stereospecific polymerization of isoprene
3%
Saddam Hussein wrote this tragic romantic novel as an allegory of US-Iraqi relationsZabiba and the King
0%

Score Distribution

Percentile by Number Answered

Percent of People with Each Score

Your Score History

You have not taken this quiz